000 01343nam a2200229Ia 4500
999 _c51792
_d51792
001 18784
003 GE_BSU
005 20210413115152.0
008 181216s2015||||ge |||||||||||||| ||geo||
040 _cGE_BSU
041 _ageo
080 _a61 რ-52
100 _aრეხვიაშვილი, ხათუნა
_911263
245 _aციტოკინებისა და მარეგულირებელი T- უჯრედების როლი პირველი ტიპის დიაბეტის პათოგენეზში /
_cხათუნა რეხვიაშვილი; მეცნ. ხელმძღვანელი თ. ჩიქოვანი; თბილისის სახ-ლო სამედიცინო უნ-ტი.
264 _aთბილისი,
_c2015.
300 _a109 გვ.;
_b30 სმ.
653 _aდისერტაცია
653 _aმედიცინა
653 _aციტოკინებისა და მარეგულირებელი T- უჯრედების როლი პირველი ტიპის დიაბეტის პათოგენეზში
700 _aჩიქოვანი, თ.
_eმეცნ. ხელმძღვანელი
_911264
942 _cBK
_2udc